LEADER 00919nam a2200241 4500 001 000000340773 003 CaOOAMICUS 005 20200626000000.0 008 200626s2019 it 000 u ita r 020 $a978-88-06-21814-0 040 $aSeMil$bita 100 1 $aCarofiglio, Gianrico,$d<1961- >.$0(OLS)http://semarc/name/77970 245 13$aLa misura del tempo /$cGianrico Carofiglio. 264 1$aTorino :$bEinaudi,$c2019. 300 $a281 p. ;$c22 cm 830 0$aEinaudi stile libero. Big.$0(OLS)http://semarc/title/12697 850 $aSeMil 852 $aSeMil$W1$xVenegono$y1$m1A II 263$j222310$B231801$CSeMilBibl$Z2$F231801 $81 961 $aLorenzi don Ugo - Omaggio 996 $6020$a978-88-06-21814-0$9(OLS)http://semarc/number/290665 996 $6245$aLa misura del tempo$9(OLS)http://semarc/title/429859 996 $6264$aTorino :$bEinaudi$9(OLS)http://semarc/publisher/29884 LEADER 01213nam a2200265 i 4500 001 000000013003 003 CaOOAMICUS 005 20250613093642.0 008 180830s1965 it u000 u ita u 040 $aSeMil$bita 100 1 $aMontesquieu, Charles de Secondat,$c.$0(OLS)http://semarc/name/3038 240 10$aDe l'ésprit des lois.$0(OLS)http://semarc/title/454278 245 13$aLo spirito delle leggi /$cdi Charles de Secondat barone di Montesquieu ; a cura di Sergio Cotta. 250 $a2. ed. aggiornata 264 1$a[Torino] :$bUnione Tipografico-Editrice Torinese,$c1965. 300 $a2 v. ;$c24 cm. 490 1 $aClassici politici 650 04$aMontesquieu . L'esprit des lois.$0(OLS)http://semarc/subject/855 700 1 $aCotta, Sergio,$d<1920-2007>.$0(OLS)http://semarc/name/6191 774 0 $tVol. 1.$w()135237 774 0 $tVol. 2.$w()135210 830 0$aClassici della politica .$0(OLS)http://semarc/title/7397 996 $6245$aLo spirito delle leggi$9(OLS)http://semarc/title/17328 996 $6264$a[Torino] :$bUnione Tipografico-Editrice Torinese$9(OLS)http://semarc/publisher/29887